000 00824nam a2200193 i 4500
001 170807
003 ES-MaACL
005 20250808062745.0
008 090407s1954 sp |||| | spa d
245 0 3 _aLa palabra de Cristo
_b: Verbum Vitae : Repertorio orgánico de textos para el estudio de la homilías dominicales y festivas.
_nT. III /
_celaborado por una comisión de autores bajo la dirección de Mons. Ángel Herrera Oria.
260 _aMadrid :
_bLa Editorial Católica,
_c1954.
300 _aXXII, 1210 p. ;
_c20 cm.
490 1 _aBiblioteca de autores cristianos ;
_v123
505 8 _aContiene : Cuaresma y Tiempo de Pasión
700 1 _aHerrera Oria, Ángel,
_d1886-1968
_963232
830 0 0 _aBiblioteca de autores cristianos
_v123
_9178679
852 _aES-MaACL
_jJ-122
_9R.46092
999 _c170807
_d170807